Diálogo científico (Registro nro. 8709)

Detalles MARC
000 -LEADER
fixed length control field 01079nas a2200277 454500
001 - CONTROL NUMBER
control field 31522
005 - DATE AND TIME OF LATEST TRANSACTION
control field 20260407193508.0
008 - FIXED-LENGTH DATA ELEMENTS--GENERAL INFORMATION
fixed length control field 260407s1992####ag###########|||spa#d
003 - CONTROL NUMBER IDENTIFIER
control field AR-UNSa-BCEJYS
040 ## - CATALOGING SOURCE
Original cataloging agency AR-UNSa-BCEJYS
Language of cataloging spa
Transcribing agency AR-UNSa-BCEJYS
080 ## - UNIVERSAL DECIMAL CLASSIFICATION NUMBER
Universal Decimal Classification number 3
Common auxiliary subdivision Ciencias sociales. Estadística. Política. Economía. Comercio. Derecho. Gobierno. Asuntos militares. Bienestar social. Seguros. Educación. Folclore
022 ## - INTERNATIONAL STANDARD SERIAL NUMBER
International Standard Serial Number 0942-2218
041 ## - LANGUAGE CODE
Language code of text/sound track or separate title spa
100 1# - MAIN ENTRY--PERSONAL NAME
Personal name Instituto de Colaboración Científica
245 10 - TITLE STATEMENT
Title Diálogo científico
Name of part/section of a work revista semestral de investigaciones alemanas sobre sociedad, derecho y economía
264 #1 - PRODUCTION, PUBLICATION, DISTRIBUTION, MANUFACTURE, AND COPYRIGHT NOTICE
Place of production, publication, distribution, manufacture Tubingen :
Name of producer, publisher, distributor, manufacturer Instituto de Colaboración Científica
Date of production, publication, distribution, manufacture, or copyright notice 1992
310 ## - CURRENT PUBLICATION FREQUENCY
Current publication frequency Frecuencia: Semestral
590 ## - LOCAL NOTE (RLIN)
Local note niveau_biblio:s niveau_hierar:1
650 ## - SUBJECT ADDED ENTRY--TOPICAL TERM
Topical term or geographic name entry element Derecho
650 ## - SUBJECT ADDED ENTRY--TOPICAL TERM
Topical term or geographic name entry element Sociología
650 ## - SUBJECT ADDED ENTRY--TOPICAL TERM
Topical term or geographic name entry element Alemania, República Federal
650 ## - SUBJECT ADDED ENTRY--TOPICAL TERM
Topical term or geographic name entry element ECONOMIA
700 1# - ADDED ENTRY--PERSONAL NAME
Personal name Sevilla, Rafael
856 41 - ELECTRONIC LOCATION AND ACCESS
Uniform Resource Identifier <a href="https://biblioeco.unsa.edu.ar/pmb/images/revistas/Dialogo cientifico-r15218.jpg">https://biblioeco.unsa.edu.ar/pmb/images/revistas/Dialogo cientifico-r15218.jpg</a>
Link text Imagen de portada
Electronic format type image/jpeg
942 ## - ADDED ENTRY ELEMENTS (KOHA)
Koha item type
Existencias
Withdrawn status Lost status Damaged status Not for loan Home library Current library Shelving location Date acquired Serial enumeration / chronology Total checkouts Full call number Barcode Date last seen Price effective from Koha item type
        Biblioteca Prof. Eusebio Cleto del Rey Biblioteca Prof. Eusebio Cleto del Rey   01/01/2005 Vol. 14, Nº1/2 - ene./dic. 2005   H3 DIA v14.n1/2 R15245 10/04/2026 10/04/2026 Numero
        Biblioteca Prof. Eusebio Cleto del Rey Biblioteca Prof. Eusebio Cleto del Rey   01/01/2000 Vol. 9, Nº1/2 - ene./dic. 2000   H3 DIA v9.n1/2 R15244 10/04/2026 10/04/2026 Numero
        Biblioteca Prof. Eusebio Cleto del Rey Biblioteca Prof. Eusebio Cleto del Rey   01/01/1999 Vol. 8, Nº1 - ene./jun. 1999   H3 DIA v8.n1 R15243 10/04/2026 10/04/2026 Numero
        Biblioteca Prof. Eusebio Cleto del Rey Biblioteca Prof. Eusebio Cleto del Rey   01/07/1994 Vol. 3, Nº2 - jul./dic. 1994   H3 DIA v3.n2 R15242 10/04/2026 10/04/2026 Numero
        Biblioteca Prof. Eusebio Cleto del Rey Biblioteca Prof. Eusebio Cleto del Rey   01/01/1994 Vol. 3, Nº1 - ene./jun. 1994   H3 DIA v3.n1 R15241 10/04/2026 10/04/2026 Numero
        Biblioteca Prof. Eusebio Cleto del Rey Biblioteca Prof. Eusebio Cleto del Rey   01/07/1993 Vol. 2, Nº2 - jul./dic. 1993   H3 DIA v2n2 R15240 10/04/2026 10/04/2026 Numero
        Biblioteca Prof. Eusebio Cleto del Rey Biblioteca Prof. Eusebio Cleto del Rey   01/01/1993 Vol. 2, Nº1 - ene./jun. 1993   H3 DIA v2.n1 R15239 10/04/2026 10/04/2026 Numero
        Biblioteca Prof. Eusebio Cleto del Rey Biblioteca Prof. Eusebio Cleto del Rey   01/07/1992 Vol. 1, Nº 2 - jul./dic. 1992   H3 DIA v1.n2 R17786 10/04/2026 10/04/2026 Numero
        Biblioteca Prof. Eusebio Cleto del Rey Biblioteca Prof. Eusebio Cleto del Rey   01/01/1992 Vol. 1, Nº 1 - ene./jun. 1992   H3 DIA v1.n1 R15218 10/04/2026 10/04/2026 Numero